Get the Picture: Where's 'A' in USA? Quiz Stats

 Plays Quiz Updated Apr 12, 2019

Score 0/12 Timer 02:00
4 Plays Today
Question Answer Wrong Answers
Atlanta Southeast
95%
Northwest
0.9%
Northeast
1.3%
Southwest
0.7%
Austin Southwest
92.9%
Northwest
0.8%
Northeast
0.6%
Southeast
3.7%
Ann Arbor Northeast
90.9%
Northwest
2.1%
Southwest
1.4%
Southeast
3.4%
Albuquerque Southwest
90.5%
Northwest
2.6%
Northeast
2.2%
Southeast
2.5%
Akron Northeast
85.2%
Northwest
6%
Southwest
3.1%
Southeast
3.5%
Allentown Northeast
83.8%
Northwest
4.4%
Southwest
3.4%
Southeast
6.1%
Asheville Southeast
80.8%
Northwest
5.2%
Northeast
8%
Southwest
3.5%
Anaheim Southwest
69.5%
Northwest
21.2%
Northeast
4.8%
Southeast
2.4%
Arvada Northwest
54.9%
Northeast
8.2%
Southwest
25.6%
Southeast
8.6%
Aurora Northwest
49.9%
Northeast
37.5%
Southwest
6.2%
Southeast
4.2%
Arkadelphia Southeast
47.7%
Northwest
6.3%
Northeast
39.3%
Southwest
4.3%
Astoria Northwest
34.4%
Northeast
51.5%
Southwest
5.1%
Southeast
6.8%

Today's Daily Dose

You're not logged in!

Compare scores with friends on all Sporcle quizzes.
OR
Log In

Sporcle TV

Today on Sporcle TV


Watch our educational content, quiz creation guides, and fun videos on Sporcle TV.

Show Comments

Extras

Top Quizzes Today


Score Distribution

Your Account Isn't Verified!

In order to create a playlist on Sporcle, you need to verify the email address you used during registration. Go to your Sporcle Settings to finish the process.

Report this User

Report this user for behavior that violates our Community Guidelines.

Details: